|
|
|
|
| LEADER |
00000nam a22000007a 4500 |
| 005 |
2021111902172.0 |
| 007 |
cr|||| |||| |
| 008 |
211119s2021 br |||||s|||| 00||0 por d |
| 020 |
|
|
|a 978-65-5515-174-9
|
| 035 |
|
|
|a 35429
|
| 040 |
|
|
|a vLex
|
| 090 |
|
|
|c 12667
|d 12667
|
| 100 |
1 |
|
|a Dadalto, Luciana
|
| 245 |
1 |
0 |
|a Bioťica e covid-19
|h [Recurso electrn̤ico] /
|c Luciana Dadalto
|
| 256 |
|
|
|a Servicio en ln̕ea
|
| 260 |
|
|
|a Indaiatuba:
|b Editora Foco,
|c 2021
|
| 300 |
|
|
|a 1 recurso electrn̤ico
|
| 500 |
|
|
|a A primeira ediȯ̂ da obra “Bioťica e Covid-19” foi um sucesso absoluto e a rapidez com que as queste̳s bioťicas foram sendo alteradas nos l︢timos meses tornou imprescindv̕el uma nova ediȯ̂ dessa obra, com novos artigos e atualizaȯ̂ dos artigos anteriores. Hoje, a Bioťica nô est ̀mais negligenciada na pandemia da Covid-19. Comit ̊Internacional de Bioťica e a Comissô Mundial sobre Ética do Conhecimento e da Tecnologia, ambos da UNESCO j ̀reconheceram o papel de destaque da bioťica no contexto da Covid-19. Institutos bioťicos de renome internacional como o Berman Institute e o Nuffiel Council on Bioethics assumiram um papel central na discussô dos dilemas pandm̊icos e, no Brasil, a Sociedade Brasileira de Bioťica firmou-se como um ator importante na defesa da dignidade humana. Assim, reafirmo com orgulho o que eu escrevi na apresentaȯ̂ da primeira ediȯ̂ dessa obra: “ouso dizer que desde seu surgimento a Bioťica nunca foi tô essencial para a Humanidade. Os dilemas enfrentados com a pandemia sô completamente permeados por queste̳s bioťicas e, ainda que a ns̤ – bioeticistas, nô caiba o papel de protagonistas do enfrentamento da SARS-COVID-19, cabe a ns̤ o importante papel de ajudar a Humanidade a encontrar caminhos ťicos diante de tantas possibilidades atrativas de buscarmos os caminhos mais curtos, mais fc̀eis e menos equńimes”. Aos artigos da primeira ediȯ̂, somam-se artigos sobre queste̳s de Estado e Governo, populaȯ̂ de rua, populaȯ̂ indg̕ena, populaȯ̂ idosa e o impacto da pandemia nos mďicos residentes. O livro nô est ̀pronto pois as queste̳s bioťicas sô interminv̀eis. Mas essa nova ediȯ̂ mostra o amadurecimento das queste̳s bioťicas na pandemia da Covid-19 e amplia o debate com temas absolutamente necessr̀ios.
|
| 506 |
1 |
|
|a Disponible solo en los productos indicados
|d vLex Global
|d vLex Global (Academic Edition, excluding Law Schools)
|d vLex Global (U.S. Academic Edition, Law Schools)
|d vLex Global (U.S. Academic Edition, excluding Law Schools)
|d vLex Global (Academic Edition, Law Schools)
|
| 650 |
0 |
4 |
|a Derecho Comunitario
|z Brasil
|
| 740 |
0 |
|
|a vLex Libros (Servicio en ln̕ea)
|
| 856 |
4 |
0 |
|u https://app.vlex.com/#/sources/35429
|z Acceso restringido
|
| 942 |
|
|
|c BOOK
|
| 999 |
0 |
|
|a Community Law
|